| 000 | 00346 a2200157 4500 | ||
|---|---|---|---|
| 001 | 59920 | ||
| 020 | _a9783570129838 | ||
| 040 | _cAnchieta - Pituba | ||
| 100 | _aAnderson, Jodi Lynn | ||
| 240 | 1 | 0 |
_aPfirsichsommer _lpor |
| 245 | 1 | 0 | _aPfirsichsommer |
| 300 | _a346 | ||
| 362 | 0 | _a2006 | |
| 650 | 4 | _aLiteratura juvenil em alemão | |
| 942 | _cBK | ||
| 999 |
_c59920 _d59920 |
||